| 000 | 02195nam a22003137a 4500 | ||
|---|---|---|---|
| 001 | 8553 | ||
| 003 | FISKH | ||
| 005 | 20251205151437.0 | ||
| 008 | 250929b cb ||||| |||| 00| 0 eng d | ||
| 020 | _a9789996301384 | ||
| 040 |
_aFISKH _bkhr _cFISKH _dFISKH |
||
| 050 | _aPZ7 | ||
| 082 | _a323.352 | ||
| 100 | _aTongleang, Noeun | ||
| 245 |
_aកូនត្រូវតែមានសិទ្ធចូលរៀន : _bChildren must enjoy their rights to education / _cនិពន្ធដោយ លោក នឿន តុងលាង , កែសម្រួលដោយ អ្នកស្រី គឹមស៊ុន សុធារី |
||
| 260 |
_aPhnom Penh : _bReading Books , _c2011. |
||
| 300 |
_a22 pages : _bcolor illustrations ; _c25 cm . |
||
| 490 | _aពិភពរឿងនិទាន | ||
| 505 | _aK | ||
| 520 | _aរឿងនេះមានបំណងអប់រំកុមារតូចៗអោយដឹងពីសិទ្ធិរបស់ខ្លួន រួមមានសិទ្ធិរស់នៅ សិទ្ធិរស់រានមានជីវិត សិទ្ធិការពារ សិទ្ធិអភិវឌ្ឍន៍ និងសិទ្ធិចូលរួម។ លើសពីនេះទៀត រឿងនេះក៏ជួយឲ្យឪពុកម្តាយយល់ពីសារៈសំខាន់នៃការអប់រំ និងសិទ្ធិរបស់កូនៗរបស់ពួកគេផងដែរ។ | ||
| 520 | _aThis story aims at educating the young children to be aware of their rights including the rights to life, rights to survival, protection, development and participation. Furthermore, this story helps the parents understand the importance of education and rights of their kids . | ||
| 521 | 8 |
_a510
_bLexile estimate |
|
| 521 | 8 |
_aK
_bRaz-Plus |
|
| 650 |
_aកូនត្រូវតែមានសិទ្ធចូលរួម _vរឿងនិទានកុមារ |
||
| 650 |
_aChildren must enjoy their rights to education _vChildren's stories |
||
| 700 |
_aBunthorn, Theak _eIllustrator |
||
| 942 |
_2ddc _cKHB _n0 |
||
| 999 |
_c8553 _d8553 |
||